Catálogo
 En Linea

Testimonios desclasificados : (Registro nro. 48139)

Detalles MARC
000 -CABECERA
campo de control de longitud fija 01402nam a2200193 a 4500
001 - NÚMERO DE CONTROL
campo de control 000048651
005 - FECHA Y HORA DE LA ÚLTIMA TRANSACCIÓN
campo de control 20201002061313.0
008 - DATOS DE LONGITUD FIJA--INFORMACIÓN GENERAL
campo de control de longitud fija 190405s2016 dr 000 0 spa d
020 ## - NÚMERO INTERNACIONAL ESTÁNDAR DEL LIBRO
Número Internacional Estándar del Libro 9789945167191
040 ## - FUENTE DE LA CATALOGACIÓN
Centro catalogador/agencia de origen DO-SdBNP
Lengua de catalogación spa
Centro/agencia transcriptor BNPHU
082 ## - NÚMERO DE LA CLASIFICACIÓN DECIMAL DEWEY
Número de clasificación xx
Número de documento/Ítem xx
100 1# - ENTRADA PRINCIPAL--NOMBRE DE PERSONA
Nombre de persona Morel Cerda, Manuel Ramón
9 (RLIN) 76098
245 10 - MENCIÓN DE TÍTULO
Título Testimonios desclasificados :
Resto del título retazos narrativos de hechos verídicos /
Mención de responsabilidad, etc. Manuel Ramón Morel Cerda.
260 ## - PUBLICACIÓN, DISTRIBUCIÓN, ETC.
Lugar de publicación, distribución, etc. Santo Domingo :
Nombre del editor, distribuidor, etc. Editora Corripio,
Fecha de publicación, distribución, etc. 2016.
300 ## - DESCRIPCIÓN FÍSICA
Extensión 430 p. ;
Dimensiones 24 cm.
500 ## - NOTA GENERAL
Nota general Incluye índce onomástico
505 0# - NOTA DE CONTENIDO CON FORMATO
Nota de contenido con formato Llegada a la procuraduría fiscal del Distrito Nacional y antecedentes -- Sucesos importantes que ocurrieron en la procuraduría fiscal del Distrito Nacional --El discurso del presidente Bosch a la nación -- La querella del ministro Diego Bordas contra Horacio Julio Ornes Coiscou -- La publicación del presidente de la ADI Enrique Alfau -- El Golpe de Estado de 1963 -- Entrada en ADOMA -- Inicio de la Revolución de 1965 -- Entrada a procuraduría general de la república -- Relaciones con los ministros en el gobierno de García Godoy -- Salida de la procuraduría general de la república -- Llegada a Uruguay -- Regreso al país -- El frustrado golpe de Wessin -- El paréntesis de 1971 a 1978 -- La transición de Balaguer a Guzmán 169 -- Incidencias del juicio a Salvador Jorge Blanco.
590 ## - NOTA LOCAL (RLIN)
Nota local Inventariado, 2019/VM
Existencias
Estado de retiro Estado de pérdida Restricciones de uso No para préstamo Código de colección Localización permanente Ubicación/localización actual Ubicación en estantería Fecha de adquisición Número de inventario Total de préstamos Signatura topográfica completa Código de barras Fecha visto por última vez Número de copia Precio válido a partir de Tipo de ítem Koha
        Dominicana de Servicio General General Depósito 05.04.2019 LF1   xx xx 48651-30 25.06.2020 e. 3 25.06.2020 Libro y Folleto Colección Dominicana de Servicio
      Excluido de préstamo Patrimonio Dominicano Patrimonio Dominicano Patrimonio Dominicano Depósito 05.04.2019 LF1   xx xx 48651-10 25.06.2020   25.06.2020 Libro y Folleto Colección Patrimonio Dominicano
      Excluido de préstamo Patrimonio Dominicano Patrimonio Dominicano Patrimonio Dominicano Depósito 05.04.2019 LF1   xx xx 48651-20 25.06.2020 e. 2 25.06.2020 Libro y Folleto Colección Patrimonio Dominicano

Con tecnología Koha